Disney: Hercules Quiz - Statistics

General Stats
  • This quiz has been taken 449 times
  • The average score is 13 of 21
Answer Stats
Question Answer % Correct
How many singing women are theree at the start of the film? 5
97%
Name the evil character of the underworld. Hades
94%
What is Hercules' Dad called? Zeus
92%
what colour is his fiery hair? Blue
90%
The ruler of the underworld has two demon sidekicks. Name either one. Panic/Pain
87%
Hades is annoyed by the clothing because it is someone else's merchandise. Whose merchandise is it? Hercules
84%
Name the "damsel in distress" whom Hercules falls in love with. Meg/Megara
80%
And his mother... Hera
76%
What did Hercules' parents give to him as a gift? Pegasus
71%
Which prominent character does Danny DeVito play? (hint: he trains Hercules) Phil
70%
Hades asks Pain about an item of clothing in saying "What are those?" Name the item of clothing. Shoes
68%
What symbol appears on hercules' medallion? Lightning Bolt
66%
Some boys are playing a game and an item hits hercules on the foot. What is the item? Discus
65%
Which song are they singing? The Gospel Truth
57%
What colour is the item of clothing? Red
49%
What kind of creature is he? Satyr
41%
Hercules is surrounded by a group of girls who are obsessed with him. They take an item of his clothing. Name the item. Headband/Sweatband
34%
What is his full name? Philoctetes
31%
Hercules ends up in the mortal world. What is the name of his adoptive parents' donkey? Penelope
28%
What is hercules' adoptive father called? Amphitryon
18%
complete the line "a real pain in the _______" Patella
16%
No matching quizzes found
Score Distribution
Percent of People with Each Score
Percentile by Number Answered
Your Score History
You have not taken this quiz